Телеграммы о политическом положении и контрреволюционных восстаниях в Тамбовской губернии

RUSMARC
00005402cbc2a2200241#x 450
00139f2668c-b1fc-4606-9820-4f321598953f
00520240909120050.0
100##$a20150508l19181918k y0rusy50 ca
1010#$arus
102##$aRU
105##$ay z |||||
1222#$ad19180219
$ad19181223
2001#$aТелеграммы о политическом положении и контрреволюционных восстаниях в Тамбовской губернии
$j19 февраля - 23 декабря 1918
215##$a48 листов
251##$cДело
300##$aЧасть документов рукописная, часть - машинописная
330##$aВходит в раздел описи: V. Бюро телеграмм. 5. Контрреволюция и политическое положение на местах
461#0$1001ad6baeac-e292-4829-90d1-2f4f65796a62
$12001
$aСОВЕТ НАРОДНЫХ КОМИССАРОВ РСФСР (СНК РСФСР)
$1251
$cФонд
$1852
$gР
$j130
462#0$10017a221a17-99d6-4232-84bc-2738cda87272
$12001
$a1913-1919 гг.
$vД. 631
$1251
$cОпись
$1852
$j2
801#0$aRU
$bGA_RF
801#1$aRU
$bНПО Опыт
$c20150508
$2rusmarc
801#2$aRU
$bПБ им. Б.Н. Ельцина
$c20150713
$gRCR
$2rusmarc
852##$aГА РФ
$j631
937##$d52061336
$hПБ
035##$aRuPRLIB51030863
850##$aГосударственный архив Российской Федерации
6061#$aГражданская война и военная интервенция в России
$z1918 - 1920
$yТамбовская губерния
$2nlr_sh
$3RU\NLR\AUTH\661353740
$jАрхивные дела
6061#$aКонтрреволюционное движение
$yРоссия
$z1918 - 1920
$jАрхивные дела
$2nlr_sh
$3RU\NLR\AUTH\6601705031
686##$a63.3(28-8Там)612ю11
$2rubbk
$vLBC/M
686##$a63.3(28-8Там)611-3ю11
$vLBC/M
$2rubbk
605##$2acquisition_Prlib
$3DITM\AF\0000003834
$aНарод
$lколлекция
605##$2acquisition_Prlib
$3LIBNET\UAF\0000053805
$aТерритория России: Тамбовская область
$lколлекция
605##$aТамбовская область: страницы истории
$lколлекция
$2acquisition_Prlib
$3LIBNET\UAF\0000053806
605##$aТамбовская область: страницы истории
$lколлекция
$2acquisition_Prlib
$3LIBNET\UAF\0000053806
Формат отображения